| 000 | 01191cam a22003014a 4500 | ||
|---|---|---|---|
| 001 | 13450403 | ||
| 003 | NUST - PNEC | ||
| 005 | 20170116181051.0 | ||
| 008 | 040106s2004 gw a b 001 0 eng | ||
| 010 | _a 2004041645 | ||
| 020 | _a3540203176 (alk. paper) | ||
| 040 |
_aDLC _cLIBRARY _dDLC |
||
| 042 | _apcc | ||
| 050 | 0 | 0 |
_aTJ211 _b.Y36 2004 |
| 082 | 0 | 0 |
_a629.8/92 _222 |
| 100 | 1 | _aYamane, Katsu. | |
| 245 | 1 | 0 |
_aSimulating and generating motions of human figures / _cKatsu Yamane. |
| 260 |
_aBerlin ; _aNew York : _bSpringer, _cc2004. |
||
| 300 |
_axvii, 158 p. : _bill. ; _c24 cm. |
||
| 440 | 0 |
_aSpringer tracts in advanced robotics ; _vv. 9 |
|
| 504 | _aIncludes bibliographical references (p. [151]-156) and index. | ||
| 650 |
_aMechanical Engineering _911886 _xME |
||
| 856 | 4 | 2 |
_3Publisher description _uhttp://www.loc.gov/catdir/enhancements/fy0817/2004041645-d.html |
| 856 | 4 | 1 |
_3Table of contents only _uhttp://www.loc.gov/catdir/enhancements/fy0817/2004041645-t.html |
| 906 |
_a7 _bcbc _corignew _d1 _eocip _f20 _gy-gencatlg |
||
| 942 |
_2ddc _cBK |
||
| 999 |
_c68396 _d68396 |
||